| 000 | 00774nam a2200205 a 4500 | ||
|---|---|---|---|
| 001 | 000016128 | ||
| 005 | 20200929164302.0 | ||
| 008 | 100226s1912 dr 000 0 spa d | ||
| 040 |
_aDO-SdBNP _bspa _cBNPHU |
||
| 082 |
_a341.522 _bR426t |
||
| 110 | 1 |
_aRepública Dominicana. _bSecretaría de Estado de Relaciones Exteriores _92256 |
|
| 245 | 1 | 0 |
_aTratado de arbitraje : _bcelebrado entre la República Dominicana y España. |
| 260 |
_aSanto Domingo : _bImprenta Listin, _c1912. |
||
| 300 |
_a8 p. ; _c22 cm. |
||
| 650 | 4 |
_aArbitramento internacional _936121 |
|
| 651 | 4 |
_aRepública Dominicana _xRelaciones Exteriores _zEspaña _916011 |
|
| 651 | 4 |
_aEspaña _xRelaciones Exteriores _zRepública Dominicana _916012 |
|
| 910 | _aValidado. Control de calidad EMS | ||
| 049 | _aBNPD | ||
| 999 |
_c15668 _d15668 |
||